000 00903cab a22001935a 4500
001 L144750
008 080807e20080611xxko f s 000 0 eng d
035 _a(Sirsi) u144750
041 0 _aeng
100 1 _aHoward, Paul
245 0 0 _aTimber bucks the trend
260 _c2008
490 _aContract Journal
_v443(6679) 11 June 2008, 19-29(5)
520 _aArticle states that the market for timber-framed structures is rising, illustrated by a 3.3% rise in demand last year (compared to a 4.4% drop across the overall market). Timber-frame houses now account for over 22% of all houses built in the UK last year. Discusses the benefits of offsite fabrication and the stringent legislation laid down by the Code for Sustainable Homes.
650 2 4 _aCODE FOR SUSTAINABLE HOMES
651 4 _aUnited Kingdom
_y
690 _aPROPERTY-RESIDENTIAL PROPERTY-RESIDENTIAL PROPERTY DEVELOPMENT
942 _n0
999 _c80572
_d80572